Library Banner

Mastering world religions (Record no. 71330)

MARC details
000 -LEADER
fixed length control field 00436nam a2200181Ia 4500
001 - CONTROL NUMBER
control field 66505
008 - FIXED-LENGTH DATA ELEMENTS--GENERAL INFORMATION
fixed length control field 150514s9999 xx 000 0 und d
020 ## - INTERNATIONAL STANDARD BOOK NUMBER
International Standard Book Number 9780333681077
040 ## - CATALOGING SOURCE
Transcribing agency PK-LaUMT
082 ## - DEWEY DECIMAL CLASSIFICATION NUMBER
Classification number 291
Item number COL-M
100 ## - MAIN ENTRY--PERSONAL NAME
Personal name Colledge, Ray
245 ## - TITLE STATEMENT
Title Mastering world religions
Statement of responsibility, etc Colledge, Ray
260 ## - PUBLICATION, DISTRIBUTION, ETC. (IMPRINT)
Place of publication, distribution, etc London,UK:
Name of publisher, distributor, etc Palgrave Macmillan,
Date of publication, distribution, etc 1999
300 ## - PHYSICAL DESCRIPTION
Extent 304 p.
546 ## - LANGUAGE NOTE
Language note EN
650 ## - SUBJECT ADDED ENTRY--TOPICAL TERM
Topical term or geographic name as entry element Religions
942 ## - ADDED ENTRY ELEMENTS (KOHA)
Koha item type Books
Holdings
Withdrawn status Lost status Source of classification or shelving scheme Damaged status Not for loan Home library Current library Date acquired Total Checkouts Full call number Barcode Date last seen Date checked out Price effective from Koha item type
    Dewey Decimal Classification     UMT Main Campus UMT Main Campus 2015-05-14 2 291 COL-M 89811 2017-05-10 2017-04-22 2015-05-14 Books
    Dewey Decimal Classification     UMT Main Campus UMT Main Campus 2015-05-18   291 COL-M 89812 2015-05-18   2015-05-18 Books